|
|
|
|
| LEADER |
00000cam a22000004a 4500 |
| 001 |
musev2_56365 |
| 003 |
MdBmJHUP |
| 005 |
20230905045802.0 |
| 006 |
m o d |
| 007 |
cr||||||||nn|n |
| 008 |
170407s2018 nvu o 00 0 eng d |
| 010 |
|
|
|z 2017012561
|
| 020 |
|
|
|a 9780874177084
|
| 020 |
|
|
|z 9781943859382
|
| 035 |
|
|
|a (OCoLC)1017611895
|
| 040 |
|
|
|a MdBmJHUP
|c MdBmJHUP
|
| 245 |
0 |
0 |
|a Macau and the Casino Complex /
|c edited by Stefan Al ; contributing editors, Kah-Wee Lee and Natalia Echeverri.
|
| 264 |
|
1 |
|a Reno :
|b University of Nevada Press,
|c [2018]
|
| 264 |
|
3 |
|a Baltimore, Md. :
|b Project MUSE,
|c 2018
|
| 264 |
|
4 |
|c ©[2018]
|
| 300 |
|
|
|a 1 online resource (224 pages):
|b illustrations (chiefly color), maps ;
|
| 336 |
|
|
|a text
|b txt
|2 rdacontent
|
| 337 |
|
|
|a computer
|b c
|2 rdamedia
|
| 338 |
|
|
|a online resource
|b cr
|2 rdacarrier
|
| 490 |
0 |
|
|a The gambling studies series
|
| 505 |
0 |
|
|a Acknowledgments -- Introduction: Macau and the casino complex -- Petri-dish urbanism -- Uncommon ground -- Spectacular architecture at the frontiers of global capitalism -- Hotel Estoril -- Critical reflections on the myth of the Chinese gambler . . .
|
| 588 |
|
|
|a Description based on print version record.
|
| 650 |
|
7 |
|a Urbanization.
|2 fast
|0 (OCoLC)fst01162722
|
| 650 |
|
7 |
|a Gambling industry.
|2 fast
|0 (OCoLC)fst00937436
|
| 650 |
|
7 |
|a Casinos.
|2 fast
|0 (OCoLC)fst00848246
|
| 650 |
|
7 |
|a Architecture and society.
|2 fast
|0 (OCoLC)fst00813574
|
| 650 |
|
0 |
|a Urbanization
|z China
|z Macau.
|
| 650 |
|
0 |
|a Architecture and society
|z China
|z Macau.
|
| 650 |
|
0 |
|a Gambling industry
|z China
|z Macau.
|
| 650 |
|
0 |
|a Casinos
|z China
|z Macau.
|
| 651 |
|
7 |
|a China
|z Macau.
|2 fast
|0 (OCoLC)fst01208762
|
| 655 |
|
7 |
|a Electronic books.
|2 local
|
| 700 |
1 |
|
|a Gutierrez, Natalia.
|
| 700 |
1 |
|
|a Lee, Kah Wee.
|
| 700 |
1 |
|
|a Al, Stefan,
|e editor.
|
| 710 |
2 |
|
|a Project Muse.
|e distributor
|
| 830 |
|
0 |
|a Book collections on Project MUSE.
|
| 856 |
4 |
0 |
|z Texto completo
|u https://projectmuse.uam.elogim.com/book/56365/
|
| 945 |
|
|
|a Project MUSE - Custom Collection
|
| 945 |
|
|
|a Project MUSE - 2018 Complete
|
| 945 |
|
|
|a Project MUSE - 2018 Political Science and Policy Studies
|